Ship stability for masters and mates / (Record no. 967)
[ view plain ]
| 000 -LEADER | |
|---|---|
| fixed length control field | 00894nac a22002291u 4500 |
| 010 ## - LIBRARY OF CONGRESS CONTROL NUMBER | |
| LC control number | 99020870 |
| 020 ## - INTERNATIONAL STANDARD BOOK NUMBER | |
| International Standard Book Number | 0750641010 (paper) |
| 082 00 - DEWEY DECIMAL CLASSIFICATION NUMBER | |
| Classification number | 623.8171 |
| Item number | D4381 |
| 090 ## - LOCALLY ASSIGNED LC-TYPE CALL NUMBER (OCLC); LOCAL CALL NUMBER (OCLC) | |
| -- | 967 |
| -- | 967 |
| 100 ## - MAIN ENTRY--PERSONAL NAME | |
| Personal name | Derrett, D. R. |
| 245 10 - TITLE STATEMENT | |
| Title | Ship stability for masters and mates / |
| Statement of responsibility, etc | D.R. Derrett. |
| 250 ## - EDITION STATEMENT | |
| Edition statement | 5th ed. / revised by C.B. Barrass |
| 260 ## - PUBLICATION, DISTRIBUTION, ETC. (IMPRINT) | |
| Place of publication, distribution, etc | Boston : |
| Name of publisher, distributor, etc | Butterworth-Heinemann, |
| Date of publication, distribution, etc | c1999. |
| 300 ## - PHYSICAL DESCRIPTION | |
| Extent | vi, 447 p. : |
| Other physical details | ill. ; |
| Dimensions | 24 cm. |
| 500 ## - GENERAL NOTE | |
| General note | Includes index. |
| 650 #0 - SUBJECT ADDED ENTRY--TOPICAL TERM | |
| Topical term or geographic name as entry element | Stability of ships. |
| 700 1# - ADDED ENTRY--PERSONAL NAME | |
| Personal name | Barrass, C. B. |
| 856 41 - ELECTRONIC LOCATION AND ACCESS | |
| Materials specified | Table of contents |
| Uniform Resource Identifier | <a href="http://www.loc.gov/catdir/toc/els033/99020870.html">http://www.loc.gov/catdir/toc/els033/99020870.html</a> |
| 856 41 - ELECTRONIC LOCATION AND ACCESS | |
| Materials specified | Publisher description |
| Uniform Resource Identifier | <a href="http://www.loc.gov/catdir/description/els033/99020870.html">http://www.loc.gov/catdir/description/els033/99020870.html</a> |
| 942 ## - ADDED ENTRY ELEMENTS (KOHA) | |
| Item type | Book - Borrowing |
| Call number prefix | 623.8171D4381 |
| Withdrawn status | Item status | Damaged status | Not for loan | Home library | Current library | Shelving location | Date acquired | Source of acquisition | Cost, normal purchase price | Total Checkouts | Full call number | Barcode | Date last seen | Cost, replacement price | Koha item type | Source of classification or shelving scheme | Vendor |
|---|---|---|---|---|---|---|---|---|---|---|---|---|---|---|---|---|---|
| Central Library | Central Library | First floor | 06/08/2013 | Purchase | 275.00 | 623.8171 DER | 000003550 | 15/07/2025 | 343.75 | Book - Borrowing | |||||||
| Central Library | Central Library | First floor | 13/08/2006 | 275.00 | 623.8171 DER | 000030433 | 15/07/2025 | 343.75 | Book - Borrowing | Dewey Decimal Classification |